• 首页
  • 本馆介绍
  • 公告通知
  • 最新文献
  • 馆藏检索
  • 电子资源
  • 读者导购
  • 参考咨询
  • 我的图书馆
  • 登录
  • 详细信息显示
  • 放入我的书架
  • 预约/预借图书
  • 作者相关作品
  • 分类相关作品
  • 丛书相关作品
  • 出版社相关作品

书目信息

  • 表格格式
  • 工作单格式
  • 卡片格式
题名:
古玺印概论
    
 
作者: 罗福颐 编
分册:  
出版信息: 北京   文物出版社  1981
页数: 133页
开本: 25cm
丛书名:
单 册:
中图分类: J292.42
科图分类:
主题词: 印章学--基本知识--中国
电子资源:
ISBN:
000 00584nam0 2200229 45
001 0181003521
005 20060818163911.21
010    @dCNY2.30
091    @aCN@b8068.801
100    @a19950530d1981 em y0chiy0121 ea
101 0  @achi
102    @aCN@b110000
105    @ay z 000yy
200 10 @a古玺印概论@Agu xi yin gai lun@f罗福颐编
210    @a北京@c文物出版社@d1981
215    @a133页@d25cm
606    @a印章学@x基本知识@y中国
690    @aJ292.42@v3
701  0 @a罗福颐@Aluo fu yi@4编
801  2 @aCN@bNLC@c20060818
801  0 @aCN@bTSSF
905    @a10447@dJ292.42@e365
    
    古玺印概论/罗福颐编.-北京:文物出版社,1981
    133页;25cm
    
    
    ISBN :CNY2.30
    
●
相关链接 在E读中查询图书 在五车中查询图书 在当当中查询图书 在豆瓣中查询图书


正题名:古玺印概论     索取号:J292.42/365         预约/预借

序号 登录号 条形码 馆藏地/架位号 状态 备注
1 0466638   204666389   密集书库/ [索取号:J292.42/365] 在馆    
唐山师范学院图书馆 欢迎您!
大连网信软件有限公司© 版权所有